000 00361nam a2200157Ia 4500
008 230524s9999 xx 000 0 und d
082 _a612
_bDAN
100 _aDandekar
_923873
245 0 _aMedical Biochemistry
250 _a4TH
260 _aNEW DELHI
_c2005
300 _aXXV;1111
500 _aQuantity Number: 1
650 _aBiomedical
942 _cBK
999 _c35339
_d35339